000 00307nam a22001337a 4500
008 170401b xxu||||| |||| 00| 0 eng d
020 _a9780198741572
041 _aeng
080 _a617
100 _a9
101 _aSHM
245 _aHYDROLOGY AND THE RIVER ENVIRONMENT
_cNEWSON, M
942 _2udc
_cBK
999 _c9393
_d9393